Statistics for Rapper Quiz #61.3

Click here to take the quiz!

General Stats

  • This quiz has been taken 32 times
  • The average score is 11 of 15

Answer Stats

Answer% Correct
50 cent
100%
Eminem
100%
Ice Cube
100%
Kanye West
100%
Snoop Dogg
100%
Tupac
96%
Jay-Z
89%
Kendrick Lamar
89%
XXXTentacion
89%
Dr. Dre
86%
DMX
68%
Biggy Smallz
57%
Joyner Lucas
14%
Immortal Technique
11%
The Pharcyde
4%

Score Distribution

Percentile by Number Answered

Percent of People with Each Score

Your Score History

You have not taken this quiz